[Event "Mercredi 2020.01.08 ABCD"]
[Site "Montreal CAN"]
[Date "2020.02.05"]
[Round "5"]
[White "Adam, Rafael"]
[Black "Gates, Claude-Eric"]
[Result "1-0"]
[WhiteElo "1815"]
[BlackElo "1872"]
[PlyCount "127"]
[EventDate "2020.01.08"]
[EventType "tourn"]
[EventRounds "5"]
[EventCountry "CAN"]

1. d4 d5 2. c4 e5 3. dxe5 d4 4. Nf3 Nc6 5. a3 f6 6. exf6 Qxf6 7. Bg5 Qg6 8. e3
Bg4 9. Bd3 Qxg5 10. Nxg5 Bxd1 11. Kxd1 dxe3 12. Re1 Bc5 13. fxe3 Rd8 14. Kc2
Rd7 15. Nc3 Nf6 16. h3 Re7 17. Nd5 Nxd5 18. cxd5 Nd8 19. Bxh7 Bxe3 20. Bg6+ Kd7
21. Bf5+ Ke8 22. Ne4 Bf4 23. Nc5 Rh6 24. Rxe7+ Kxe7 25. Nd3 Bg5 26. Re1+ Kd6
27. Be4 c6 28. dxc6 Nxc6 29. Bxc6 Kxc6 30. Ne5+ Kc7 31. Kb3 Rb6+ 32. Ka2 Bf6
33. Rc1+ Kd8 34. Nc4 Re6 35. Rc2 Kd7 36. Kb3 Rc6 37. Ne3 Rb6+ 38. Ka2 Ke6 39.
Re2 Kf7 40. Nd5 Rd6 41. Nxf6 Kxf6 42. Rf2+ Kg6 43. Kb3 a5 44. Ka4 b6 45. Kb5
Kg5 46. Rf7 g6 47. Rb7 Rd2 48. b4 axb4 49. axb4 Rxg2 50. Kxb6 Rb2 51. b5 Rb3
52. Rh7 Kf4 53. Kc6 Ke5 54. b6 Ke6 55. Rh6 Rc3+ 56. Kb7 Kd7 57. h4 Rc4 58. Kb8
Rb4 59. Rxg6 Rxh4 60. b7 Rb4 61. Ka7 Ra4+ 62. Ra6 Rxa6+ 63. Kxa6 Kc7 64. Ka7
1-0

[Event "Mercredi 2020.01.08 ABCD"]
[Site "Montreal CAN"]
[Date "2020.02.05"]
[Round "5"]
[White "Both, Aaron"]
[Black "Tsukerman, Julia"]
[Result "1-0"]
[WhiteElo "1977"]
[BlackElo "1982"]
[PlyCount "87"]
[EventDate "2020.01.08"]
[EventType "tourn"]
[EventRounds "5"]
[EventCountry "CAN"]

1. e4 c5 2. Nc3 Nc6 3. Bb5 Nd4 4. Bc4 e6 5. Nge2 a6 6. a4 Nf6 7. e5 Ng4 8. f4
Qh4+ 9. Ng3 Nxh2 10. Nce4 Nf5 11. Qh5 Qxh5 12. Nxh5 Ng4 13. Be2 Ngh6 14. c3 d5
15. exd6 Rg8 16. d3 Nxd6 17. Nxc5 Nhf5 18. g4 Ne7 19. a5 Nc6 20. b4 Ke7 21. Ng3
h6 22. Na4 f5 23. Nb6 Rb8 24. Be3 g6 25. Bc5 Rh8 26. g5 h5 27. d4 Kf7 28. O-O-O
Kg7 29. d5 exd5 30. Rxd5 Ne4 31. Nxe4 fxe4 32. Nd7 Bxc5 33. Nxc5 Rf8 34. Rf1
Bh3 35. Rf2 Bf5 36. Rd6 Rfe8 37. Nxa6 Rbc8 38. Nc5 Nxb4 39. cxb4 e3 40. Rf1 Re4
41. Kb2 Rxb4+ 42. Ka3 Rxf4 43. Rxf4 Rxc5 44. Rc4 1-0

[Event "Mercredi 2020.01.08 ABCD"]
[Site "Montreal CAN"]
[Date "2020.02.05"]
[Round "5"]
[White "Charette, Nicolas"]
[Black "Audet, Eric"]
[Result "1/2-1/2"]
[WhiteElo "1765"]
[BlackElo "1787"]
[PlyCount "115"]
[EventDate "2020.01.08"]
[EventType "tourn"]
[EventRounds "5"]
[EventCountry "CAN"]

1. e4 c6 2. d4 d5 3. e5 Bf5 4. Nc3 Qb6 5. g4 Bd7 6. Na4 Qa5+ 7. c3 e6 8. b4 Qc7
9. Bd3 b6 10. Ne2 Be7 11. Qc2 c5 12. Bxh7 cxd4 13. Nxd4 Qxe5+ 14. Be3 Nf6 15.
Nf3 Qc7 16. Ng5 Nxh7 17. Nxh7 Bxb4 18. Ng5 Bd6 19. h3 Bf4 20. Nb2 Bxe3 21. fxe3
Qe5 22. h4 Qxe3+ 23. Kf1 Qf4+ 24. Ke1 Qg3+ 25. Kd2 Qg2+ 26. Kd3 Bb5+ 27. c4
dxc4+ 28. Kc3 Qxc2+ 29. Kxc2 Nd7 30. Ne4 Ke7 31. Rae1 Rad8 32. a4 Ba6 33. Ng3
g6 34. h5 Nf6 35. hxg6 Rxh1 36. Rxh1 fxg6 37. g5 Nh5 38. Nxh5 gxh5 39. Rxh5 c3
40. Rh7+ Kd6 41. Rxa7 cxb2 42. Rxa6 Kc5 43. a5 bxa5 44. Rxa5+ Kd6 45. Kxb2 Rg8
46. Kc3 e5 47. g6 Ke6 48. Kd3 Kf5 49. Ra6 Rg7 50. Ke3 Rxg6 51. Rxg6 Kxg6 52.
Ke4 Kf6 53. Ke3 Kf5 54. Kf3 e4+ 55. Ke2 Kf4 56. Kf2 e3+ 57. Ke1 Ke4 58. Ke2
1/2-1/2

[Event "Mercredi 2020.01.08 ABCD"]
[Site "Montreal CAN"]
[Date "2020.02.05"]
[Round "5"]
[White "Fortin-Lavoie, Patrice"]
[Black "Baran, Marius"]
[Result "0-1"]
[WhiteElo "1792"]
[BlackElo "1675"]
[PlyCount "84"]
[EventDate "2020.01.08"]
[EventType "tourn"]
[EventRounds "5"]
[EventCountry "CAN"]

1. d4 Nf6 2. c4 e6 3. g3 Bb4+ 4. Bd2 Qe7 5. Bg2 Nc6 6. a3 Bxd2+ 7. Qxd2 O-O 8.
Nf3 d6 9. Nc3 Na5 10. Qd3 Nb3 11. Rb1 c5 12. Nb5 Na5 13. b4 Nc6 14. d5 exd5 15.
cxd5 Ne5 16. Nxe5 Qxe5 17. O-O a6 18. Nc3 cxb4 19. Rxb4 b5 20. a4 Bd7 21. axb5
Rfc8 22. Na4 Bxb5 23. Qb3 Rab8 24. e4 Qe8 25. Ra1 a5 26. Rd4 Qe5 27. Qd1 g6 28.
f4 Qe8 29. Nb2 Ra8 30. Rc1 Rxc1 31. Qxc1 Qc8 32. Qd2 Qc5 33. Kh1 a4 34. e5 a3
35. Nc4 a2 36. Bf1 a1=Q 37. Kg2 Ra2 38. exf6 Qcxd4 39. Qxa2 Qxa2+ 40. Kh3 Bxc4
41. Bxc4 Qdxc4 42. f5 h5 0-1

[Event "Mercredi 2020.01.08 ABCD"]
[Site "Montreal CAN"]
[Date "2020.02.05"]
[Round "5"]
[White "Gadbois, Patrick"]
[Black "Nesterov, Timour"]
[Result "1/2-1/2"]
[WhiteElo "1878"]
[BlackElo "1952"]
[PlyCount "87"]
[EventDate "2020.01.08"]
[EventType "tourn"]
[EventRounds "5"]
[EventCountry "CAN"]

1. d4 Nf6 2. Nf3 d5 3. e3 Bg4 4. c4 c6 5. Bd3 e6 6. Nbd2 Bd6 7. Qc2 Nbd7 8. b3
O-O 9. Bb2 Qc7 10. Rc1 Rac8 11. c5 Be7 12. O-O Bh5 13. b4 Bg6 14. Bxg6 hxg6 15.
a4 Ng4 16. h3 Nh6 17. Ne5 Bf6 18. Ndf3 Nf5 19. g4 Nh4 20. Nxh4 Bxh4 21. Nxd7
Qxd7 22. f4 Bd8 23. Qd3 Bc7 24. Rc2 Qe7 25. g5 Qd7 26. Rh2 Qe8 27. h4 f6 28.
Qe2 e5 29. fxe5 fxe5 30. Rxf8+ Kxf8 31. Rf2+ Kg8 32. e4 dxe4 33. Qxe4 exd4 34.
Qxd4 Qe7 35. Qc4+ Kh7 36. Qf7 Qe1+ 37. Kg2 Qe4+ 38. Qf3 Qxh4 39. Qf7 Qh2+ 40.
Kf1 Qh1+ 41. Ke2 Qe4+ 42. Kf1 Qh1+ 43. Ke2 Qe4+ 44. Kf1 1/2-1/2

[Event "Mercredi 2020.01.08 ABCD"]
[Site "Montreal CAN"]
[Date "2020.02.05"]
[Round "5"]
[White "Giurgiev, Silvius"]
[Black "Destree, Frederic"]
[Result "1/2-1/2"]
[WhiteElo "1827"]
[BlackElo "1866"]
[PlyCount "71"]
[EventDate "2020.01.08"]
[EventType "tourn"]
[EventRounds "5"]
[EventCountry "CAN"]

1. e4 c5 2. Nf3 g6 3. c3 Bg7 4. d4 cxd4 5. cxd4 d5 6. e5 a6 7. Nc3 Nc6 8. h3
Nh6 9. Qb3 Nf5 10. Qxd5 O-O 11. Be3 Qxd5 12. Nxd5 Rd8 13. Nb6 Rb8 14. Rd1 Nb4
15. Rd2 Nxe3 16. fxe3 Nxa2 17. Bd3 Nb4 18. Be4 Bf5 19. Bxf5 gxf5 20. Kf2 Nd5
21. Nxd5 Rxd5 22. Rc2 Rb5 23. Nd2 Bh6 24. Kf3 Rd8 25. g3 Kf8 26. Rhc1 Ke8 27.
Nc4 Rb3 28. Rc3 Rb4 29. b3 Bf8 30. Nb2 Rb5 31. Nd3 e6 32. Nf4 Ba3 33. R1c2 Bb4
34. Rd3 Be7 35. Rdc3 Bb4 36. Rd3 1/2-1/2

[Event "Mercredi 2020.01.08 ABCD"]
[Site "Montreal CAN"]
[Date "2020.02.05"]
[Round "5"]
[White "Guipi Bopala, Prince Eric jr"]
[Black "Barko, Maxim"]
[Result "1/2-1/2"]
[WhiteElo "1842"]
[BlackElo "1803"]
[PlyCount "86"]
[EventDate "2020.01.08"]
[EventType "tourn"]
[EventRounds "5"]
[EventCountry "CAN"]

1. d4 e6 2. c4 f5 3. Nc3 Nf6 4. a3 d5 5. Bf4 c6 6. e3 Be7 7. h3 Nbd7 8. Nf3 a6
9. Be2 b5 10. cxb5 axb5 11. Rc1 Qa5 12. O-O h6 13. Ne5 Nxe5 14. Bxe5 O-O 15.
Qc2 Bd7 16. Rfd1 Rfc8 17. Qd2 Qd8 18. Bd3 b4 19. axb4 Bxb4 20. Qc2 Ne4 21. Bxe4
fxe4 22. Na4 Ra5 23. Nc5 Bxc5 24. dxc5 Rca8 25. b3 Qf8 26. Ra1 Bc8 27. b4 Ra3
28. Rxa3 Rxa3 29. Ra1 Rxa1+ 30. Bxa1 Ba6 31. Qc3 Bb5 32. Qe5 Qf7 33. Qd4 Kh7
34. Qe5 Bd3 35. Qd6 Bb5 36. Qe5 Qg6 37. Bb2 Be2 38. Qd6 Bb5 39. Qe5 h5 40. Ba1
Be2 41. Qd6 Bb5 42. Qf4 Bc4 43. Qd6 Bb5 1/2-1/2

[Event "Mercredi 2020.01.08 ABCD"]
[Site "Montreal CAN"]
[Date "2020.02.05"]
[Round "5"]
[White "Latorre, Vincent"]
[Black "Beaulieu, Pierre"]
[Result "0-1"]
[WhiteElo "1892"]
[BlackElo "1920"]
[PlyCount "73"]
[EventDate "2020.01.08"]
[EventType "tourn"]
[EventRounds "5"]
[EventCountry "CAN"]

1. e4 b6 2. d4 Bb7 3. Bd3 e6 4. Nf3 d5 5. exd5 Qxd5 6. O-O Qh5 7. Be2 Qg6 8.
Nc3 Bd6 9. d5 exd5 10. Ng5 Ne7 11. Bh5 Qf6 12. Nxf7 O-O 13. Bg5 Rxf7 14. Bxf6
Rxf6 15. Bf3 c6 16. Re1 Na6 17. Re2 Nc7 18. Qe1 Nf5 19. Bg4 Nd4 20. Rd2 Re8 21.
Qf1 c5 22. Ne2 Ba6 23. c3 Bf4 24. Rxd4 cxd4 25. cxd4 Be3 26. Bf3 Rxf3 27. gxf3
Bf4 28. Rc1 Bxe2 29. Qe1 Re6 30. Rc3 Bxf3 31. Qxe6+ Nxe6 32. Rxf3 Nxd4 33. Rd3
Be5 34. Kg2 Kf7 35. f4 Ne6 36. Ra3 Nxf4+ 37. Kf3 0-1

[Event "Mercredi 2020.01.08 ABCD"]
[Site "Montreal CAN"]
[Date "2020.02.05"]
[Round "5"]
[White "Lopez Linares, Lizandro"]
[Black "Mok, Yuen Tak"]
[Result "1/2-1/2"]
[WhiteElo "2265"]
[BlackElo "2099"]
[PlyCount "56"]
[EventDate "2020.01.08"]
[EventType "tourn"]
[EventRounds "5"]
[EventCountry "CAN"]

1. d4 d5 2. Nf3 e6 3. c4 c6 4. Qc2 dxc4 5. Qxc4 Nf6 6. Nc3 b5 7. Qb3 Bb7 8. a3
Nbd7 9. e3 a6 10. Be2 Be7 11. O-O O-O 12. Rd1 Qb6 13. a4 Qc7 14. Bd2 b4 15. Na2
a5 16. Nc1 c5 17. Qa2 Rfc8 18. b3 Bd5 19. Nd3 c4 20. bxc4 Bxc4 21. Qb2 Qb7 22.
Nfe1 Qa6 23. f3 Rc6 24. Rdc1 Rac8 25. Kf2 Qa7 26. g4 Ba6 27. Rxc6 Rxc6 28. Rc1
Qc7 1/2-1/2

[Event "Mercredi 2020.01.08 ABCD"]
[Site "Montreal CAN"]
[Date "2020.02.05"]
[Round "5"]
[White "Pelletier, Arnaud"]
[Black "Nardone, Raul"]
[Result "0-1"]
[WhiteElo "1702"]
[BlackElo "1791"]
[PlyCount "98"]
[EventDate "2020.01.08"]
[EventType "tourn"]
[EventRounds "5"]
[EventCountry "CAN"]

1. c4 f5 2. Nf3 Nf6 3. Nc3 e6 4. d3 d5 5. Bg5 Be7 6. e3 c6 7. Be2 O-O 8. O-O
Nbd7 9. d4 Qe8 10. Qc2 h6 11. Bxf6 Nxf6 12. c5 Nd7 13. Bd3 Qh5 14. Ne2 g5 15.
Ng3 Qf7 16. h3 h5 17. Ne5 Nxe5 18. dxe5 h4 19. Ne2 Qg7 20. f4 Kh8 21. Kh2 g4
22. b4 Bd7 23. Rg1 b6 24. Nd4 bxc5 25. bxc5 Rab8 26. Rab1 Rxb1 27. Qxb1 Bxc5
28. Qb7 Bb6 29. Qa6 c5 30. Nc2 Rg8 31. hxg4 Qxg4 32. Be2 Qg3+ 33. Kh1 d4 34.
Qb7 Ba4 35. Ne1 Rg7 36. Qc8+ Rg8 37. Qxe6 Qg6 38. Qc4 Bc6 39. exd4 cxd4 40. Nf3
Bxf3 41. Bxf3 Rd8 42. Qd3 Rc8 43. Rd1 Rc3 44. Qd2 Qg3 45. Be2 h3 46. Bf3 hxg2+
47. Bxg2 Qh4+ 48. Kg1 d3+ 49. Kf1 Rc2 0-1

[Event "Mercredi 2020.02.19 ABCD"]
[Site "Montreal CAN"]
[Date "2020.02.19"]
[Round "1"]
[White "Abdelaal, Ibrahim"]
[Black "Hagopian, Christian"]
[Result "1-0"]
[WhiteElo "2023"]
[BlackElo "1933"]
[PlyCount "81"]
[EventDate "2020.02.19"]
[EventType "swiss"]
[EventRounds "5"]
[EventCountry "CAN"]

1. e4 c5 2. Nf3 d6 3. d3 Nc6 4. g3 g6 5. Bg2 Bg7 6. O-O e6 7. Re1 Nge7 8. c3
O-O 9. d4 cxd4 10. cxd4 d5 11. e5 Qb6 12. Nc3 Bd7 13. Na4 Qc7 14. Nc5 Bc8 15.
Bf4 b6 16. Nb3 Ba6 17. Rc1 Rac8 18. Qd2 Rfe8 19. Bh6 Bh8 20. Bh3 Nf5 21. Bxf5
exf5 22. h4 Qd7 23. h5 Nd8 24. hxg6 hxg6 25. Rxc8 Bxc8 26. Rc1 Ne6 27. Ng5 Bb7
28. Nxe6 Rxe6 29. Qf4 Ba6 30. Qh4 f6 31. exf6 Bxf6 32. Qf4 Bd8 33. Qb8 Kf7 34.
Nd2 Kg8 35. Nf3 Kh7 36. Bg5 Re8 37. Bxd8 Rxd8 38. Qf4 Rc8 39. Re1 Rc2 40. Qh4+
Kg8 41. Re7 1-0

[Event "Mercredi 2020.02.19 ABCD"]
[Site "Montreal CAN"]
[Date "2020.02.19"]
[Round "1"]
[White "Adam, Rafael"]
[Black "Hernandez, Juan Felipe"]
[Result "1-0"]
[WhiteElo "1915"]
[BlackElo "1844"]
[PlyCount "59"]
[EventDate "2020.02.19"]
[EventType "swiss"]
[EventRounds "5"]
[EventCountry "CAN"]

1. d4 e6 2. c4 Nf6 3. Nf3 d5 4. e3 c5 5. Nc3 Nc6 6. a3 cxd4 7. exd4 Be7 8. Bf4
a6 9. Rc1 O-O 10. c5 Nd7 11. b4 f6 12. Bg3 Re8 13. Bd3 Nf8 14. O-O Ng6 15. Re1
e5 16. dxe5 Ncxe5 17. Nxe5 fxe5 18. Bxg6 hxg6 19. Qxd5+ Qxd5 20. Nxd5 Bf6 21.
Nc7 Bf5 22. Nxa8 Rxa8 23. Bxe5 Bg5 24. f4 Bd8 25. Rcd1 Bg4 26. Rd2 a5 27. h3
Bh4 28. Re3 Bf5 29. g3 Bd8 30. g4 1-0

[Event "Mercredi 2020.02.19 ABCD"]
[Site "Montreal CAN"]
[Date "2020.02.19"]
[Round "1"]
[White "Baran, Marius"]
[Black "Gauthier, Luc"]
[Result "1-0"]
[WhiteElo "1695"]
[BlackElo "1672"]
[PlyCount "99"]
[EventDate "2020.02.19"]
[EventType "swiss"]
[EventRounds "5"]
[EventCountry "CAN"]

1. e4 e5 2. Nf3 d6 3. d4 exd4 4. Nxd4 Nf6 5. Nc3 Be7 6. Bc4 O-O 7. Bb3 Re8 8.
O-O a6 9. f3 b5 10. Nde2 Bb7 11. Nf4 c5 12. Bd5 Nxd5 13. Ncxd5 Nd7 14. b3 Bxd5
15. Nxd5 Nf6 16. Bb2 Nxd5 17. Qxd5 Bf6 18. Bxf6 Qxf6 19. Rad1 Red8 20. Rf2 Qe6
21. Rfd2 Qxd5 22. Rxd5 Kf8 23. Rxd6 Rxd6 24. Rxd6 c4 25. bxc4 bxc4 26. Rc6 Rd8
27. Rxc4 Rd1+ 28. Kf2 Rc1 29. a4 Ra1 30. f4 Ra2 31. Ke3 Ke7 32. Kd4 Ra1 33. Kd5
Kd7 34. e5 Rd1+ 35. Rd4 Rc1 36. Kc5+ Kc7 37. Rc4 Rg1 38. g3 Rg2 39. f5 Rxh2 40.
Kd5+ Kd7 41. e6+ fxe6+ 42. fxe6+ Ke7 43. Rc7+ Ke8 44. c4 Rd2+ 45. Ke5 Re2+ 46.
Kf5 Rf2+ 47. Kg5 Rc2 48. a5 Rc1 49. Rxg7 Rxc4 50. Kf6 1-0

[Event "Mercredi 2020.02.19 ABCD"]
[Site "Montreal CAN"]
[Date "2020.02.19"]
[Round "1"]
[White "Gadbois, Patrick"]
[Black "Guipi Bopala, Prince Eric jr"]
[Result "1-0"]
[WhiteElo "1887"]
[BlackElo "1857"]
[PlyCount "45"]
[EventDate "2020.02.19"]
[EventType "swiss"]
[EventRounds "5"]
[EventCountry "CAN"]

1. d4 d5 2. e3 Nf6 3. Bd3 Bg4 4. Nf3 e6 5. Nbd2 c5 6. c3 Nc6 7. Qa4 Qb6 8. Ne5
Bh5 9. O-O Bd6 10. Nxc6 bxc6 11. dxc5 Qxc5 12. Nb3 Qb6 13. Nd4 Rc8 14. c4 O-O
15. cxd5 cxd5 16. Nb5 Bb8 17. b3 e5 18. Bf5 Be2 19. Na3 Bxf1 20. Bxc8 Bxg2 21.
Bf5 Bf3 22. Qh4 Ne4 23. Qxh7# 1-0

[Event "Mercredi 2020.02.19 ABCD"]
[Site "Montreal CAN"]
[Date "2020.02.19"]
[Round "1"]
[White "Gates, Claude-Eric"]
[Black "Barko, Maxim"]
[Result "0-1"]
[WhiteElo "1830"]
[BlackElo "1795"]
[PlyCount "68"]
[EventDate "2020.02.19"]
[EventType "swiss"]
[EventRounds "5"]
[EventCountry "CAN"]

1. d4 e6 2. Nc3 d5 3. Bf4 a6 4. e3 Nf6 5. Nf3 Bd6 6. Bg3 O-O 7. Bd3 b6 8. Ne5
Bb7 9. O-O c5 10. b3 Qc7 11. Ne2 cxd4 12. exd4 Ne4 13. Nf3 Nd7 14. c4 f5 15.
Rc1 Bxg3 16. hxg3 Qd6 17. Nf4 g5 18. Ne2 h6 19. Nd2 Kh8 20. f3 Nxg3 21. c5
Nxe2+ 22. Qxe2 bxc5 23. Rfe1 Rfe8 24. dxc5 Nxc5 25. Bb1 a5 26. Qb5 Rec8 27. b4
axb4 28. Qxb4 Ra4 29. Qb2+ Kg8 30. Nb3 Nxb3 31. Qxb3 Rb4 32. Rxc8+ Bxc8 33. Qc3
Qb6+ 34. Kh1 Rh4# 0-1

[Event "Mercredi 2020.02.19 ABCD"]
[Site "Montreal CAN"]
[Date "2020.02.19"]
[Round "1"]
[White "Giurgiev, Silvius"]
[Black "Wang, Rachel"]
[Result "1/2-1/2"]
[WhiteElo "1813"]
[BlackElo "1797"]
[PlyCount "35"]
[EventDate "2020.02.19"]
[EventType "swiss"]
[EventRounds "5"]
[EventCountry "CAN"]

1. e4 c5 2. Nf3 Nc6 3. Bb5 e6 4. O-O Nge7 5. c3 a6 6. Ba4 b5 7. Bc2 Ng6 8. d4
cxd4 9. cxd4 Bb7 10. a3 Bd6 11. Be3 O-O 12. Nbd2 Rc8 13. Rc1 Na5 14. Qe2 Nf4
15. Qd1 Ng6 16. Qe2 Nf4 17. Qd1 Ng6 18. Qe2 1/2-1/2

[Event "Mercredi 2020.02.19 ABCD"]
[Site "Montreal CAN"]
[Date "2020.02.19"]
[Round "1"]
[White "Jean, Robert"]
[Black "Fortin-Lavoie, Patrice"]
[Result "1/2-1/2"]
[WhiteElo "1839"]
[BlackElo "1766"]
[PlyCount "58"]
[EventDate "2020.02.19"]
[EventType "swiss"]
[EventRounds "5"]
[EventCountry "CAN"]

1. d4 Nf6 2. c4 e6 3. Nc3 Bb4 4. e3 c5 5. Nge2 d5 6. a3 Bxc3+ 7. Nxc3 cxd4 8.
exd4 dxc4 9. Bxc4 O-O 10. O-O Qc7 11. Ba2 b6 12. Be3 Bb7 13. Rc1 Qd7 14. Qd2
Na6 15. Bg5 Ne4 16. Nxe4 Bxe4 17. Rfe1 Bb7 18. Qf4 Rac8 19. Qh4 Nc7 20. Qg3 Nd5
21. Bh6 f5 22. Bf4 Rf6 23. Rxc8+ Bxc8 24. Bd2 f4 25. Qh3 Bb7 26. Bb1 Rh6 27.
Qg4 Qf7 28. Qg5 Qf6 29. Qxf6 Rxf6 1/2-1/2

[Event "Mercredi 2020.02.19 ABCD"]
[Site "Montreal CAN"]
[Date "2020.02.19"]
[Round "1"]
[White "Kagle, Sasha"]
[Black "Allaire, Denis"]
[Result "0-1"]
[WhiteElo "1704"]
[BlackElo "1664"]
[PlyCount "98"]
[EventDate "2020.02.19"]
[EventType "swiss"]
[EventRounds "5"]
[EventCountry "CAN"]

1. e4 e5 2. Nf3 Nf6 3. d4 Nxe4 4. Nxe5 d6 5. Nf3 Be7 6. c4 O-O 7. Bd3 Nf6 8.
O-O Bg4 9. Nc3 Nc6 10. Be2 d5 11. c5 Ne4 12. Be3 Nxc3 13. bxc3 b6 14. h3 Bf5
15. cxb6 axb6 16. Bb5 Qd6 17. a4 Na5 18. Ne5 Bf6 19. Bf4 Bxe5 20. Bxe5 Qg6 21.
Bxc7 Rfc8 22. Bg3 Rxc3 23. Rc1 Rac8 24. Rxc3 Rxc3 25. Qe1 Rc8 26. Qe5 Rd8 27.
Qc7 Rc8 28. Re1 h5 29. Qe7 Nc6 30. Qe3 Be4 31. Bf1 Ne7 32. Rc1 Ra8 33. Qb3 Nf5
34. Be5 f6 35. Qxb6 Nh4 36. Qe6+ Kh7 37. Bg3 Nf5 38. Qc6 Re8 39. Qb6 Nxg3 40.
fxg3 Qxg3 41. Qc7 Qe3+ 42. Kh2 Qxd4 43. Qf7 Bg6 44. Qc7 Qxa4 45. Rc6 Qa1 46.
Bb5 Re1 47. Rc5 Rh1+ 48. Kg3 Qe1+ 49. Kf3 Be4+ 0-1

[Event "Mercredi 2020.02.19 ABCD"]
[Site "Montreal CAN"]
[Date "2020.02.19"]
[Round "1"]
[White "O'Connor, Michael"]
[Black "Dompierre, Remi"]
[Result "1-0"]
[WhiteElo "1740"]
[BlackElo "1636"]
[PlyCount "91"]
[EventDate "2020.02.19"]
[EventType "swiss"]
[EventRounds "5"]
[EventCountry "CAN"]

1. d4 d5 2. Nf3 Nc6 3. g3 Nf6 4. Bg2 Bf5 5. O-O e6 6. c3 Bd6 7. Bg5 h6 8. Bxf6
Qxf6 9. Nbd2 O-O 10. Re1 Bg4 11. e4 Qd8 12. exd5 exd5 13. Qb3 Ne7 14. Ne5 Bxe5
15. Rxe5 Be6 16. Rae1 Nc6 17. R5e3 Rb8 18. Qc2 Qd7 19. Nf3 Bf5 20. Qe2 Be4 21.
Nd2 Bxg2 22. Kxg2 Qf5 23. Nf3 Rbd8 24. Ne5 Nxe5 25. Rxe5 Qd7 26. Re7 Qd6 27.
Qe5 Qb6 28. Re2 Rd6 29. Re8 Rd8 30. Rxf8+ Rxf8 31. Qxd5 c6 32. Qd7 a5 33. b3
Qa6 34. Re8 g6 35. Rxf8+ Kxf8 36. Qd6+ Kg7 37. Qe5+ Kg8 38. c4 a4 39. d5 axb3
40. axb3 cxd5 41. cxd5 Qb6 42. h4 Qxb3 43. d6 Qa4 44. Qc5 Qe4+ 45. Kh2 Qf5 46.
Qxf5 1-0

[Event "Mercredi 2020.02.19 ABCD"]
[Site "Montreal CAN"]
[Date "2020.02.19"]
[Round "1"]
[White "Zhe, Jia"]
[Black "Latorre, Vincent"]
[Result "0-1"]
[WhiteElo "1921"]
[BlackElo "1866"]
[PlyCount "80"]
[EventDate "2020.02.19"]
[EventType "swiss"]
[EventRounds "5"]
[EventCountry "CAN"]

1. Nf3 d5 2. d4 Nf6 3. e3 e6 4. c4 c6 5. Nc3 Be7 6. Qc2 O-O 7. a3 a5 8. Bd2
Nbd7 9. Rd1 Qc7 10. Be2 dxc4 11. Bxc4 b5 12. Ba2 Ba6 13. Nb1 Rac8 14. b4 e5 15.
O-O Bd6 16. h3 Bb7 17. Ne1 Rfe8 18. Nd3 Rcd8 19. Nc5 Nxc5 20. dxc5 Bf8 21. Nc3
Bc8 22. e4 axb4 23. axb4 Rd4 24. Qb1 Be6 25. Bxe6 Rxe6 26. Bg5 Rc4 27. Bxf6
Rxf6 28. Rd3 Rg6 29. Qb3 Qe7 30. Rfd1 Qg5 31. Rg3 Qh5 32. Rdd3 Rxg3 33. Rxg3
Qh6 34. Qb2 Qe6 35. Rd3 Rd4 36. Qb1 Qc4 37. Rxd4 exd4 38. Nd1 d3 39. f3 Qc2 40.
Qa1 d2 0-1

[Event "Mercredi 2020.02.19 ABCD"]
[Site "Montreal CAN"]
[Date "2020.02.26"]
[Round "2"]
[White "Allaire, Denis"]
[Black "Baran, Marius"]
[Result "0-1"]
[WhiteElo "1664"]
[BlackElo "1695"]
[PlyCount "88"]
[EventDate "2020.02.19"]
[EventType "swiss"]
[EventRounds "5"]
[EventCountry "CAN"]

1. e4 c5 2. c3 g6 3. d4 cxd4 4. cxd4 d5 5. e5 Bg7 6. Nc3 a6 7. Be2 Nc6 8. Bf3
e6 9. Nge2 Nge7 10. O-O O-O 11. Bf4 f6 12. exf6 Bxf6 13. Be3 Bg7 14. Qd2 Nf5
15. Rac1 Nh4 16. Bf4 Nxf3+ 17. gxf3 b5 18. Nxb5 axb5 19. Rxc6 Bd7 20. Rc2 Rxa2
21. Rfc1 Ra7 22. Qd3 e5 23. dxe5 Bf5 24. Qd4 Ra4 25. Qc5 Bxc2 26. Rxc2 Raxf4
27. Nxf4 Rxf4 28. Qxb5 Qg5+ 29. Kf1 Qxe5 30. Re2 Qd6 31. b3 Rf8 32. Qb7 Be5 33.
f4 Rxf4 34. Qb5 Kg7 35. Qe8 Bf6 36. Re6 Qf8 37. Qd7+ Kh8 38. Qxd5 Bg7 39. Re2
Bd4 40. Ke1 Bc3+ 41. Kf1 Bd4 42. Ke1 Bxf2+ 43. Rxf2 Rxf2 44. Qd4+ Rf6 0-1

[Event "Mercredi 2020.02.19 ABCD"]
[Site "Montreal CAN"]
[Date "2020.02.26"]
[Round "2"]
[White "Dompierre, Remi"]
[Black "Gauthier, Luc"]
[Result "0-1"]
[WhiteElo "1636"]
[BlackElo "1672"]
[PlyCount "60"]
[EventDate "2020.02.19"]
[EventType "swiss"]
[EventRounds "5"]
[EventCountry "CAN"]

1. e4 Nf6 2. e5 Nd5 3. d4 d6 4. Nf3 dxe5 5. Nxe5 c6 6. Be2 Bf5 7. a3 Nd7 8. c4
N5b6 9. O-O Nxe5 10. dxe5 Qc7 11. f4 e6 12. Be3 Nd7 13. Nc3 h6 14. b4 a5 15.
Qb3 Be7 16. Rfd1 O-O 17. Na4 Rad8 18. Rac1 axb4 19. axb4 c5 20. bxc5 Bxc5 21.
Nxc5 Nxc5 22. Qb5 Rxd1+ 23. Rxd1 Ne4 24. Rd7 Qc8 25. Qxb7 Nc3 26. Bf1 Qxb7 27.
Rxb7 Rd8 28. Kf2 Nd1+ 29. Kf3 Bg4+ 30. Ke4 Nc3# 0-1

[Event "Mercredi 2020.02.19 ABCD"]
[Site "Montreal CAN"]
[Date "2020.02.26"]
[Round "2"]
[White "Fortin-Lavoie, Patrice"]
[Black "Wang, Rachel"]
[Result "0-1"]
[WhiteElo "1766"]
[BlackElo "1797"]
[PlyCount "68"]
[EventDate "2020.02.19"]
[EventType "swiss"]
[EventRounds "5"]
[EventCountry "CAN"]

1. d4 d5 2. Nf3 Nf6 3. c4 dxc4 4. Qa4+ Nbd7 5. Qxc4 e6 6. g3 c5 7. Bg2 Rb8 8.
Bf4 b5 9. Qc2 Rb6 10. O-O Nd5 11. Bg5 Be7 12. dxc5 Rc6 13. Bxe7 Qxe7 14. e4
Rxc5 15. Qe2 N5b6 16. Nbd2 O-O 17. Nb3 Rc7 18. e5 Nd5 19. Qxb5 Nb4 20. Qa5 Nb6
21. a3 Nc2 22. Rac1 Nc4 23. Qc3 N4e3 24. Qxc7 Qxc7 25. fxe3 Qb6 26. Nbd4 Nxe3
27. Rf2 Ng4 28. Rfc2 Bb7 29. Rd2 Bxf3 30. Bxf3 Nxe5 31. Kg2 h6 32. b4 Rd8 33.
Rcd1 Nc4 34. Rd3 Nb2 0-1

[Event "Mercredi 2020.02.19 ABCD"]
[Site "Montreal CAN"]
[Date "2020.02.26"]
[Round "2"]
[White "Hernandez, Juan Felipe"]
[Black "Gadbois, Patrick"]
[Result "1/2-1/2"]
[WhiteElo "1844"]
[BlackElo "1887"]
[PlyCount "98"]
[EventDate "2020.02.19"]
[EventType "swiss"]
[EventRounds "5"]
[EventCountry "CAN"]

1. e4 e6 2. d4 d5 3. e5 c5 4. c3 Nc6 5. Nf3 Qb6 6. a3 c4 7. Nbd2 f6 8. b3 cxb3
9. Nxb3 fxe5 10. dxe5 Qc7 11. Bf4 Nh6 12. Bd3 Nf7 13. O-O Be7 14. Nbd4 O-O 15.
Qc2 Nfxe5 16. Nxe5 Nxe5 17. Bxh7+ Kh8 18. Bg3 Bd7 19. Bd3 Bd6 20. Nb5 Bxb5 21.
Bxb5 a6 22. Ba4 Rac8 23. Qe2 Qxc3 24. Qh5+ Kg8 25. Bxe5 Qxe5 26. Qxe5 Bxe5 27.
Rae1 Bd4 28. Bd7 Rc2 29. Bxe6+ Kh8 30. Rd1 Rfxf2 31. Rxf2 Bxf2+ 32. Kf1 d4 33.
Rd3 Be3 34. Rb3 b5 35. Bd5 Rc5 36. Bb7 Rf5+ 37. Ke2 Rf6 38. Kd3 Kg8 39. Rb2 Kf8
40. Rc2 Rb6 41. Bf3 a5 42. Rc8+ Ke7 43. Rc7+ Kf6 44. Rc6+ Rxc6 45. Bxc6 b4 46.
axb4 axb4 47. Kc4 g5 48. h3 Ke5 49. Kxb4 Kf4 1/2-1/2